| 000 | 00372nam a2200145Ia 4500 | ||
|---|---|---|---|
| 008 | 220216s9999 xx 000 0 und d | ||
| 100 | _aNortheast H J | ||
| 245 | 0 | _aProduction methods and uses of rubber-based adhesives | |
| 260 |
_bRubber Developments _c1959 |
||
| 300 | _a57-62 | ||
| 650 | _aAdhesives | ||
| 650 | _aLatex adhesives | ||
| 650 | _aRubber | ||
| 942 | _cJS | ||
| 999 |
_c65819 _d65819 |
||